| 000 | 00873nam a2200217 a 4500 | ||
|---|---|---|---|
| 001 | BRCA_3875 | ||
| 005 | 20190320204446.0 | ||
| 008 | 201209s1814----uk-a######---#000-0#ger-# | ||
| 041 | _ager | ||
| 044 | _aUk | ||
| 050 | 4 |
_aF2223 _b.H86 1814 |
|
| 100 | 1 |
_aHumboldt, Alexander Freiherr von _d1769-1859. _99159 |
|
| 245 | 1 | 0 |
_aResearches concerning the institutions & monuments of the ancient inhabitants of America, with descriptions & views ofsome of the most striking scenes in the cordilleras ! _cAlexander de Humboldt ; written in French and translated into English by Helen María Williams. |
| 260 |
_aLondon _bLongman, Hurst, Rees, Orme & Brown : J. Murray : H. Colburn _c1814 |
||
| 300 |
_a2 v. _bil. _c22 cm. |
||
| 500 | _aC35 | ||
| 650 | 1 | 4 |
_aViajeros alemanes. _97026 |
| 651 | 4 |
_aAmérica del Sur _vDescripción y viajes. _910089 |
|
| 902 | _aGFM | ||
| 942 |
_2lcc _cB |
||
| 999 |
_c3603 _d3603 |
||